00879nam a22002297a 450000500170000001000150001702000260003203500140005803700090007208200080008110000220008924500590011125000100017026000670018027000930024730000350034050000850037560000240046094200220048499900190050695201240052520250116113719.0 aENG-143484 a9789388704878c765.00 aEN-127016 bDBAD a530 aMathur S B976675 aSolved Objective Question in Physics/cBy S. B. Mathur aFirst a4271/3 Ansari Road, Daryaganj, New DelhibBharati Bhawanc2023 a4271/3 Ansari Road, Daryaganj, New DelhibNew Delhie110002k23286557meditorial@bbpd.in avi,826p. c22cm(pb) eAudio CD aSolved objective Questions In Physics for engineering and Medical Entrance Tests aS. B. Mathur976676 2ddccENmMath530 c208550d208550 001040708NFICaLbLd2025-01-16eDBADg765.00l0oMAT 530pEN-127016r2025-01-16 00:00:00t1v765.00w2025-01-16yEN